000 00278nam a22001337a 4500
008 170421b xxu||||| |||| 00| 0 eng d
020 _a9780071540391
041 _aeng
080 _23 ED
_a573
100 _a11
101 _aSHM
245 _aLIFE
_cLEWIS.R
942 _2udc
_cBK
999 _c11402
_d11402